Catálogo

Gestión de servicios de alimentación y nutrición hospitalarios : (Registro nro. 41102)

Detalles MARC
000 -LEADER
fixed length control field 01531cam a2200361 i 4500
001 - CONTROL NUMBER
control field 41102
003 - CONTROL NUMBER IDENTIFIER
control field Mx-PuUPA
005 - DATE AND TIME OF LATEST TRANSACTION
control field 20260519115403.0
008 - FIXED-LENGTH DATA ELEMENTS--GENERAL INFORMATION
fixed length control field 140415s2022 ck gr 000 0 spa d
020 ## - INTERNATIONAL STANDARD BOOK NUMBER
International Standard Book Number 9789587947830
Qualifying information rústica
020 ## - INTERNATIONAL STANDARD BOOK NUMBER
International Standard Book Number 9789587947847
Qualifying information impreso bajo demanda
040 ## - CATALOGING SOURCE
Transcribing agency Mx-PuUPA
Original cataloging agency Mx-PuUPA
Language of cataloging spa
Modifying agency Mx-PuUPA
Description conventions rda
041 0# - LANGUAGE CODE
Language code of text/sound track or separate title spa
245 00 - TITLE STATEMENT
Title Gestión de servicios de alimentación y nutrición hospitalarios :
Remainder of title avances y tendencias /
Statement of responsibility, etc. Olga Lucía Pinzón Espitia, Diana María Orozco Soto, editoras
250 ## - EDITION STATEMENT
Edition statement Primera edición /
Remainder of edition statement marzo
264 #1 - PRODUCTION, PUBLICATION, DISTRIBUTION, MANUFACTURE, AND COPYRIGHT NOTICE
Place of production, publication, distribution, manufacture Bogotá, D.C., Colombia :
Name of producer, publisher, distributor, manufacturer Universidad Nacional de Colombia,
Date of production, publication, distribution, manufacture, or copyright notice 2022
300 ## - PHYSICAL DESCRIPTION
Extent 206 páginas ;
Dimensions 25 cm
336 ## - CONTENT TYPE
Fuente rdacontent
Content type term texto
Content type code txt
337 ## - MEDIA TYPE
Source rdamedia
Media type term sin medio
Media type code n
338 ## - CARRIER TYPE
Source rdacarrier
Carrier type term volumen
Carrier type code nc
650 #7 - SUBJECT ADDED ENTRY--TOPICAL TERM
Source of heading or term armarc
Topical term or geographic name entry element servicios alimentarios
650 #7 - SUBJECT ADDED ENTRY--TOPICAL TERM
Source of heading or term armarc
Topical term or geographic name entry element Ayuda alimentaria
650 #7 - SUBJECT ADDED ENTRY--TOPICAL TERM
Source of heading or term armarc
Topical term or geographic name entry element Nutrición
650 #7 - SUBJECT ADDED ENTRY--TOPICAL TERM
Source of heading or term armarc
Topical term or geographic name entry element Higiene de los alimentos
650 #7 - SUBJECT ADDED ENTRY--TOPICAL TERM
Source of heading or term armarc
Topical term or geographic name entry element Hospitales
General subdivision Servicios de comida
700 1# - ADDED ENTRY--PERSONAL NAME
Personal name Pinzón Espitia, Olga Lucía,
Relator term editor
9 (RLIN) 18095
700 1# - ADDED ENTRY--PERSONAL NAME
Personal name Orozco Soto, Diana María,
Relator term editor
942 ## - ADDED ENTRY ELEMENTS (KOHA)
Source of classification or shelving scheme Dewey Decimal Classification
Koha item type Libro
Classification part 362.1760681
Item part G38
Existencias
Withdrawn status Lost status Source of classification or shelving scheme Damaged status Not for loan Collection code Home library Current library Shelving location Date acquired Source of acquisition Cost, normal purchase price Total Checkouts Full call number Barcode Date last seen Cost, replacement price Price effective from Koha item type
    Dewey Decimal Classification     General Biblioteca Karol Wojtyla Biblioteca Karol Wojtyla Sala general 18/05/2026 1 799.00   362.1760681 G38 2022 106610 18/05/2026 799.00 18/05/2026 Libro